| 000 | 00554nam a2200205 4500 | ||
|---|---|---|---|
| 003 | OSt | ||
| 005 | 20260601170959.0 | ||
| 008 | 260507b1972\\\\||||||||\||||\00|\0\spa\d | ||
| 040 |
_aICI _bspa _cICI |
||
| 050 |
_aHB501 _bG63 |
||
| 100 | 1 |
_aGranou, André _931063 |
|
| 245 | 1 | _aConsumo y producción en el Sistema Capitalista | |
| 264 |
_aBarcelona : _bA. Redondo, _c1972 |
||
| 300 | _a54 páginas | ||
| 336 |
_atexto _2rdacontent |
||
| 337 |
_asin medio _2rdamedia |
||
| 338 |
_avolumen _2rdacarrier |
||
| 650 |
_aCapitalismo _917224 |
||
| 942 |
_2lcc _cB _n1 |
||
| 999 |
_c19963 _d19963 |
||